000 00690nam a2200241Ia 4500
000 nam a22 i 4500
001 UNACH-4670
007 ta
008 221212s ||||fr|||| 00| | spa d
041 0 _aspa
082 0 4 _a370.15
_bPsicologia Educativa
100 1 _aFernandez de Moratin, Leandro,
_eautor
245 1 0 _aEl si de las niñas.
300 _a108 páginas :
_bilustraciones y tablas
336 _atexto
_btxt
_2rdacontent
337 _ano mediado
_bn
_2rdamedia
338 _avolumen
_bnc
_2rdacarrier
504 _aIncluye: bibliografía.
505 0 _aActo primero.-- Acto segundo.-- Acto tercero.
653 0 _aPsicología Educativa
942 _2ddc
_c1
_n0
999 _c3716
_d3716